Ajustes por inflación / (Registro nro. 11446)

Detalles MARC
000 -LEADER
fixed length control field 01115nam a2200253Ia 4500
003 - CONTROL NUMBER IDENTIFIER
control field OSt
005 - DATE AND TIME OF LATEST TRANSACTION
control field 20210408095522.0
008 - FIXED-LENGTH DATA ELEMENTS--GENERAL INFORMATION
fixed length control field 210310s1992 ck gr u000 0 spa d
040 ## - CATALOGING SOURCE
Original cataloging agency CO-JMCR
Transcribing agency CO-JMCR
041 0# - LANGUAGE CODE
Language code of text/sound track or separate title spa
082 04 - DEWEY DECIMAL CLASSIFICATION NUMBER
Classification number 657.3 /
Item number C718a
Edition number 23
110 2# - MAIN ENTRY--CORPORATE NAME
Corporate name or jurisdiction name as entry element Colombia.
Subordinate unit Ministerio de hacienda y crédito publico
9 (RLIN) 7620
245 10 - TITLE STATEMENT
Title Ajustes por inflación /
Statement of responsibility, etc. Ministerio de Hacienda y Crédito Público, Dirección de Impuestos Nacionales ; autores, Consuelo Caldas Cano, Emilio Ruiz Jiménez
260 ## - PUBLICATION, DISTRIBUTION, ETC.
Place of publication, distribution, etc. Bogotá :
Name of publisher, distributor, etc. Dirección de Impuestos Nacionales,
Date of publication, distribution, etc. 1992.
300 ## - PHYSICAL DESCRIPTION
Other physical details 148 páginas ;
Dimensions 28 cm.
505 ## - FORMATTED CONTENTS NOTE
Formatted contents note Aspectos generales de los ajustes por inflación. -- Procedimiento de ajuste de las diferentes partidas que conforman los estados financieros.
610 1# - SUBJECT ADDED ENTRY--CORPORATE NAME
Corporate name or jurisdiction name as entry element Ministerio de Hacienda y Crédito Público.
9 (RLIN) 36696
650 24 - SUBJECT ADDED ENTRY--TOPICAL TERM
Topical term or geographic name entry element Ajustes por inflación.
9 (RLIN) 25542
650 24 - SUBJECT ADDED ENTRY--TOPICAL TERM
Topical term or geographic name entry element Inflación.
9 (RLIN) 4900
700 1# - ADDED ENTRY--PERSONAL NAME
Personal name Caldas Cano, Consuelo,
Relator term coautor
9 (RLIN) 36697
700 1# - ADDED ENTRY--PERSONAL NAME
Personal name Ruiz Jiménez, Emilio,
Relator term coautor
9 (RLIN) 36698
710 1# - ADDED ENTRY--CORPORATE NAME
Corporate name or jurisdiction name as entry element Dirección de Impuestos Nacionales
Relator term autor
9 (RLIN) 36699
942 ## - ADDED ENTRY ELEMENTS (KOHA)
Source of classification or shelving scheme Dewey Decimal Classification
Koha item type Books
Existencias
Withdrawn status Lost status Source of classification or shelving scheme Damaged status Not for loan Home library Current library Shelving location Date acquired Source of acquisition Full call number Barcode Date last seen Copy number Price effective from Koha item type Total Checkouts
    Dewey Decimal Classification     Biblioteca Pública José María del Castillo y Rada Biblioteca Pública José María del Castillo y Rada General Stacks 04/15/2018 Donación 657.3 / C718a 430011714 05/16/2024 Ej.2 04/15/2018 Books  
    Dewey Decimal Classification     Biblioteca Pública José María del Castillo y Rada Biblioteca Pública José María del Castillo y Rada General Stacks 04/15/2018 Donación 657.3 / C718a 430011713 05/16/2024 Ej.1 04/15/2018 Books